Effective Business Communications (Record no. 34140)

000 -LEADER
fixed length control field 00339nam a22001457a 4500
020 ## - INTERNATIONAL STANDARD BOOK NUMBER
International Standard Book Number 007044398X
082 ## - DEWEY DECIMAL CLASSIFICATION NUMBER
Classification number 651.74
100 ## - MAIN ENTRY--PERSONAL NAME
Personal name Murphy,Herta A.
245 ## - TITLE STATEMENT
Title Effective Business Communications
250 ## - EDITION STATEMENT
Edition statement 7th ed.
260 ## - PUBLICATION, DISTRIBUTION, ETC.
Place of publication, distribution, etc. New Delhi :
Name of publisher, distributor, etc. McGraw-Hill,
Date of publication, distribution, etc. 1997.
300 ## - PHYSICAL DESCRIPTION
Extent 617 p. ;
Other physical details 23 cm.
500 ## - GENERAL NOTE
General note Paperback.
942 ## - ADDED ENTRY ELEMENTS (KOHA)
Koha item type Book
Holdings
Withdrawn status Lost status Source of classification or shelving scheme Damaged status Not for loan Permanent Location Current Location Shelving location Date acquired Full call number Barcode Date last seen Price effective from Koha item type
          School of Mechanical & Manufacturing Engineering (SMME) School of Mechanical & Manufacturing Engineering (SMME) Book Bank 07/26/2016 651.74 SMME-BB33 04/02/2018 07/26/2016 Book
© 2023 Central Library, National University of Sciences and Technology. All Rights Reserved.